000 00568nam a2200193Ia 4500
003 OSt
005 20221007082705.0
006 a|||||r|||| 00| 0
007 ta
008 221006b |||||||| |||| 00| 0 eng d
024 _a22,765
037 _cDissertations
040 _aFLL
_cFLL
_beng
041 _2eng
_aeng
100 _aDhungana Prakash Kumar
_9699256
245 0 _aRight to personal liberty under the constitutions of India, U.S.A. and Nepal
_b A comparative overview
942 _cDIS
_2CC
999 _c1167396
_d1167396